| 000 | 00670nam a2200169 a 4500 | ||
|---|---|---|---|
| 001 | 000003497 | ||
| 005 | 20200929150449.0 | ||
| 008 | 090709s2009 dr a 000 0 spa d | ||
| 020 | _a9789993425854 | ||
| 040 |
_aDO-SdBNP _bspa _cBNPHU |
||
| 082 |
_axxx _bS223e |
||
| 100 | 1 |
_aSanetra, Clemens _910870 |
|
| 245 | 1 | 0 |
_aEnfrentando el desafío global de la calidad : _buna infraestructura nacional de la calidad / _cClemens Sanetra, Rocío M. Marbán. |
| 260 |
_aSanto Domingo : _bInstituto Tecnológico de Santo Domingo (INTEC) : Dirección General de Normas y sistemas de calidad (DIGENOR), _c2009. |
||
| 300 |
_a135 P. : _bil. ; _c23 cm. |
||
| 700 | 1 |
_aMarbán, Rocio M. _910871 |
|
| 999 |
_c3325 _d3325 |
||